<?xml version="1.0" encoding="UTF-8"?>
<record
    xmlns:xsi="http://www.w3.org/2001/XMLSchema-instance"
    xsi:schemaLocation="http://www.loc.gov/MARC21/slim http://www.loc.gov/standards/marcxml/schema/MARC21slim.xsd"
    xmlns="http://www.loc.gov/MARC21/slim">

  <leader>01725nam a2200409 a 4500</leader>
  <controlfield tag="001">000020243</controlfield>
  <controlfield tag="003">DO-SdBNP</controlfield>
  <controlfield tag="005">20210427105110.0</controlfield>
  <controlfield tag="007">000020243</controlfield>
  <controlfield tag="008">100730s2017   dr abc        001 0 spa d</controlfield>
  <datafield tag="020" ind1=" " ind2=" ">
    <subfield code="z">9789945894653</subfield>
  </datafield>
  <datafield tag="040" ind1=" " ind2=" ">
    <subfield code="a">BPMSU</subfield>
    <subfield code="b">spa</subfield>
    <subfield code="c">BPMSU</subfield>
  </datafield>
  <datafield tag="082" ind1=" " ind2=" ">
    <subfield code="a">808</subfield>
    <subfield code="b">K65p. 2017</subfield>
    <subfield code="2">22</subfield>
  </datafield>
  <datafield tag="092" ind1=" " ind2=" ">
    <subfield code="a"> </subfield>
    <subfield code="b"> </subfield>
  </datafield>
  <datafield tag="100" ind1="1" ind2=" ">
    <subfield code="a"> Klinger Pevida  Eduardo</subfield>
  </datafield>
  <datafield tag="245" ind1="1" ind2="3">
    <subfield code="a">Los Premios Nobel 1901-2016 :</subfield>
    <subfield code="b"> los laureados, aportes premiados e impactos socioecon&#xF3;micos /</subfield>
    <subfield code="c"> Eduardo Klinger Pevida ; pr&#xF3;logo Luis Scheker Ortiz.</subfield>
  </datafield>
  <datafield tag="260" ind1=" " ind2=" ">
    <subfield code="a">Santo Domingo :</subfield>
    <subfield code="b">Academia de Ciencias de la Rep&#xFA;blica Dominicana : </subfield>
    <subfield code="c">2017</subfield>
  </datafield>
  <datafield tag="300" ind1=" " ind2=" ">
    <subfield code="a">955 p. :</subfield>
    <subfield code="b">il. retrs. ;</subfield>
    <subfield code="c">25 cm.</subfield>
  </datafield>
  <datafield tag="500" ind1="0" ind2=" ">
    <subfield code="a">incluye datos biogr&#xE1;ficos del autor en la contracubierta</subfield>
  </datafield>
  <datafield tag="505" ind1="0" ind2=" ">
    <subfield code="a">Premios Nobel de F&#xED;sica -- Premios Nobel de Qu&#xED;mica -- Premios Nobel de Fisiolog&#xED;a y medicina --  Premios Nobel de Literatura --  Premios Nobel de la Paz --  Los Premios Nobel de Econom&#xED;a 1968-1999 -- Los Premios Nobel de Am&#xE9;rica Latina y el Caribe  -- Las mujeres y el Premio Nobel.</subfield>
    <subfield code="8"> </subfield>
  </datafield>
  <datafield tag="586" ind1=" " ind2=" ">
    <subfield code="a">Premios Nobel 1901-2016</subfield>
  </datafield>
  <datafield tag="590" ind1=" " ind2=" ">
    <subfield code="6">Inventariado, 2021/VM</subfield>
  </datafield>
  <datafield tag="610" ind1="1" ind2="4">
    <subfield code="a">Fundaci&#xF3;n Nobel</subfield>
  </datafield>
  <datafield tag="650" ind1=" " ind2="4">
    <subfield code="a">Premios Nobel de F&#xED;sica</subfield>
    <subfield code="x"> </subfield>
  </datafield>
  <datafield tag="650" ind1=" " ind2="4">
    <subfield code="a">Premios Nobel de Literatura </subfield>
  </datafield>
  <datafield tag="650" ind1=" " ind2="4">
    <subfield code="a">Premios Nobel de Qu&#xED;mica </subfield>
  </datafield>
  <datafield tag="650" ind1=" " ind2="4">
    <subfield code="a">Premios Nobel de Paz</subfield>
  </datafield>
  <datafield tag="650" ind1=" " ind2="4">
    <subfield code="a"> Premios Nobel de Medicina</subfield>
  </datafield>
  <datafield tag="650" ind1=" " ind2="4">
    <subfield code="a">Literatura y ciencia</subfield>
  </datafield>
  <datafield tag="700" ind1="1" ind2="2">
    <subfield code="a">Scheker Ortiz,  Luis </subfield>
    <subfield code="d"> </subfield>
    <subfield code="e"> pr&#xF3;l. </subfield>
  </datafield>
  <datafield tag="710" ind1="2" ind2=" ">
    <subfield code="a">Ministerio de Educaci&#xF3;n Superior, Ciencia y Tecnolog&#xED;a (Rep&#xFA;blica Dominicana)</subfield>
  </datafield>
  <datafield tag="710" ind1="2" ind2=" ">
    <subfield code="a">Academia de Ciencias de la Rep&#xFA;blica Dominicana </subfield>
  </datafield>
  <datafield tag="830" ind1=" " ind2="0">
    <subfield code="a">Ediciones Ferilibro</subfield>
  </datafield>
  <datafield tag="910" ind1=" " ind2=" ">
    <subfield code="a">VMateo</subfield>
  </datafield>
  <datafield tag="942" ind1=" " ind2=" ">
    <subfield code="2">ddc</subfield>
    <subfield code="c">BK</subfield>
  </datafield>
  <datafield tag="945" ind1=" " ind2=" ">
    <subfield code="a"> </subfield>
  </datafield>
  <datafield tag="952" ind1=" " ind2=" ">
    <subfield code="0">0</subfield>
    <subfield code="1">0</subfield>
    <subfield code="2">ddc</subfield>
    <subfield code="4">0</subfield>
    <subfield code="7">0</subfield>
    <subfield code="8">CD</subfield>
    <subfield code="a">BPMET</subfield>
    <subfield code="b">BPMET</subfield>
    <subfield code="d">2021-04-27</subfield>
    <subfield code="e">Editora B&#xFA;ho </subfield>
    <subfield code="o">BPMSU CD 808 K65p. 2017</subfield>
    <subfield code="p">BPMSU21040042</subfield>
    <subfield code="r">2021-04-27</subfield>
    <subfield code="w">2021-04-27</subfield>
    <subfield code="y">BK</subfield>
  </datafield>
  <datafield tag="999" ind1=" " ind2=" ">
    <subfield code="c">13436</subfield>
    <subfield code="d">13436</subfield>
  </datafield>
</record>
